All Time Scorer - Premier League 1999-2020 - Statistiken

Allgemein
  • Dieses Quiz wurde 473 mal gespielt
  • Das Durchschnittsergebnis liegt bei 11 aus 21
Antwortstatistiken
Teams Nation Goals Player % Korrekt
1 France 175 Thierry Henry
92%
1 Ivory Coast 104 Didier Drogba
86%
1 Argentina 180 Sergio Agüero
86%
2 England 208 Wayne Rooney
86%
2 England 143 Harry Kane
83%
2 Netherlands 144 Robin van Persie
74%
1 England 107 Alan Shearer
71%
6 Ireland 125 Robbie Keane
69%
4 Belgium 113 Romelu Lukaku
60%
3 England 167 Frank Lampard
58%
4 England 113 Michael Owen
55%
1 Netherlands 95 Ruud van Nistelrooy
52%
1 England 121 Steven Gerrard
50%
4 Togo 97 Emmanuel Adebayor
35%
1 England 103 Jamie Vardy
35%
5 France 103 Nicolas Anelka
26%
7 England 106 Peter Crouch
24%
5 England 163 Jermain Defoe
16%
6 England 106 Darren Bent
7%
3 Netherlands 95 Jimmy Floyd Hasselbaink
7%
4 Nigeria 95 Yakubu Aiyegbeni
1%
Keine übereinstimmenden Quizze gefunden
Verteilung der Resultate
Anzahl Personen mit jedem Resultat
Perzentil nach korrekt beantworteten Fragen
Ihre Resultats-Entwicklung
Sie haben dieses Quiz noch nicht gespielt